Structural unemployment in Slovakia, the Czech Republic and Poland
Teoretické východiská merania štrukturálnej nezamestnanosti prostredníctvom ukazovateľa NAWRU (Non-accelerating wage rate of unemployment). Aplikácia na podmienky troch analyzovaných krajín - Slovenska, Česka a Poľska. Ukazovateľ NAWRU je, okrem iného, dôležitým ukazovateľom štrukturálnej nezamestna...
Enregistré dans:
| Auteur principal: | |
|---|---|
| Autres auteurs: | |
| Format: | Chapitre de livre |
| Langue: | anglais |
| Sujets: | |
| Tags: |
Pas de tags, Soyez le premier à ajouter un tag!
|
MARC
| LEADER | 00000naa$a2200000$$$4500 | ||
|---|---|---|---|
| 001 | 0054378 | ||
| 005 | 20231107131708.4 | ||
| 041 | 0 | |a eng | |
| 044 | |a SK | ||
| 245 | 1 | 0 | |a Structural unemployment in Slovakia, the Czech Republic and Poland |c Emília Zimková, Jaroslav Barochovský |
| 520 | |a Teoretické východiská merania štrukturálnej nezamestnanosti prostredníctvom ukazovateľa NAWRU (Non-accelerating wage rate of unemployment). Aplikácia na podmienky troch analyzovaných krajín - Slovenska, Česka a Poľska. Ukazovateľ NAWRU je, okrem iného, dôležitým ukazovateľom štrukturálnej nezamestnanosti. Teoretická štruktúra a empirické odhady NAWRU. Odhady NAWRU pre Slovenskú republiku, Českú republiku a Poľsko. | ||
| 610 | 2 | 0 | |a nezamestnanosť |
| 610 | 2 | 0 | |a nezamestnanosť štruktúrna |
| 610 | 2 | 0 | |a meranie |
| 610 | 2 | 0 | |a ukazovatele |
| 610 | 2 | 0 | |a Slovensko |
| 610 | 2 | 0 | |a Česko |
| 610 | 2 | 0 | |a Poľsko |
| 100 | 1 | |a Zimková, Emília | |
| 700 | 1 | |a Barochovský, Jaroslav | |